DPH - povinnosti osôb povinných platiť daň diplomová práca

Enregistré dans:
Détails bibliographiques
Auteur principal: Uhrinová, Katarína
Collectivité auteur: Podnikovohospodárska fakulta EU so sídlom v Košiciach. Katedra účtovníctva a financií
Autres auteurs: Jurišová, Anna
Format: Livre
Langue:slovaque
Publié: Košice 2009
Tags: Ajouter un tag
Pas de tags, Soyez le premier à ajouter un tag!

MARC

LEADER 00000nam$a2200000$$$4500
001 0098704
005 20240320074920.8
041 0 |a slo 
044 |a SK 
245 1 0 |a DPH - povinnosti osôb povinných platiť daň  |b diplomová práca  |c Katarína Uhrinová ; škol. Anna Jurišová 
264 1 |a Košice  |c 2009 
300 |a 83 s. 
100 1 |a Uhrinová, Katarína 
700 1 |a Jurišová, Anna 
710 2 |a Podnikovohospodárska fakulta EU so sídlom v Košiciach. Katedra účtovníctva a financií